000 00941nam0a22002651 4500
001 v19\rc\1968067
005 20251118181045.3
035 _a(NLR Aleph) 005050494
090 _a6889446
_c6889446
100 _a20080428d1914 u y0rusy50 ca
101 0 _arus
102 _aRU
105 _ay z |||||
200 1 _aПравила и приемы составления ученических сочинений
_eПособие для учащихся сред. учеб. заведений и высш. нач. уч-щ, сост. И[в]. А. Венцовым
210 _aНовохоперск
_cВ.И. Денисов
_d1914
215 _a71 с.
_d21
700 1 _aВенцов
_bИ.А.
_gИван Алексеевич
_4220
801 0 _aRU
_bNLR
_gpsbo
801 0 _aRU
_bRuMoRGB
_2psbo
801 1 _aRU
_bProSoft-M
_2rusmarc
852 _aNLR
_j37.54.7.232
899 _aRuMoRGB
_jV 122/1407
899 _aБАН
942 _cBOOK
980 _aNB